The Football Assciation coaching book of soccer tactics and skills

Bibliographic Details
Main Authors: Hughes, Charles (Author), Football Association (Author)
Format: Book
Published: London : British Broadcasting corporation and Queen Anne Press , c1980
Subjects:

MARC

LEADER 00000cam a2200000 7i4500
001 0000007854
005 20030413093000.0
008 021119s1980
020 |a 0563178086 ,   |c (BBC) 
090 0 0 |a GV943.8   |b .H8 
100 0 |a Hughes, Charles ,   |e author 
245 1 4 |a The Football Assciation coaching book of soccer tactics and skills   |c Charles Hughes 
260 2 |a London :   |b British Broadcasting corporation and Queen Anne Press ,   |c c1980 
300 |a 236 p. ;   |c 29 cm. 
650 0 |a Soccer   |x Training 
700 0 |a Football Association ,   |e author 
999 |a 1000009896   |b Book   |c OPEN SHELF (30 DAYS)   |e Gong Badak Campus